Central Library and Information Centre
Sibsagar Girls' College, Sivasagar : Assam

MODERN TEXT BOOK OF ZOOLOGY INVERTEBRETE (Record no. 15531)

MARC details
000 -LEADER
fixed length control field 00409cam a2200169ua 4500
008 - FIXED-LENGTH DATA ELEMENTS--GENERAL INFORMATION
fixed length control field 190313n II |||gr||||Z||||||eng
040 ## - CATALOGING SOURCE
Original cataloging agency MAIN
041 ## - LANGUAGE CODE
-- English
082 ## - DEWEY DECIMAL CLASSIFICATION NUMBER
Classification number 592 KOT
100 ## - MAIN ENTRY--PERSONAL NAME
Personal name KOTPAL, R.L.
245 ## - TITLE STATEMENT
Title MODERN TEXT BOOK OF ZOOLOGY INVERTEBRETE
260 ## - PUBLICATION, DISTRIBUTION, ETC.
Place of publication, distribution, etc. MEERUT:
Name of publisher, distributor, etc. RASTOGI PUBLICATION,
Date of publication, distribution, etc. 2005.
300 ## - PHYSICAL DESCRIPTION
Extent 864:
Dimensions 24CM.
942 ## - ADDED ENTRY ELEMENTS (KOHA)
Koha item type Books
653 ## - INDEX TERM--UNCONTROLLED
Uncontrolled term Invertebrates
Holdings
Withdrawn status Lost status Damaged status Not for loan Collection code Home library Current library Shelving location Date acquired Full call number Barcode Date last seen Copy number Price effective from Koha item type Public note
        TBHMSC Central Library and Information Centre Sibsagar Girls College Central Library and Information Centre Sibsagar Girls College HOMESCIENCE BOOK RACK 27.02.2020 592 KOT 20094 27.02.2020 1 27.02.2020 Books V


Sibsagar Girl's College © 2020. All rights reserved.
Powered by Koha.
Maintained by Abhijit Borpuzari.